Root Vagabonds - Statistics

General Stats
  • This quiz has been taken 6 times
  • The average score is 8 of 12
Answer Stats
Answer % Correct
Thief
100%
Tinker
100%
Adventurer
80%
Arbiter
80%
Ranger
80%
Harrier
60%
Ronin
60%
Cheat
40%
Gladiator
40%
Jailor
40%
Scoundrel
40%
Vagrant
40%
No matching quizzes found
Score Distribution
Percent of People with Each Score
Percentile by Number Answered
Your Score History
You have not taken this quiz